| 000 | 00543nam a2200205 4500 | ||
|---|---|---|---|
| 003 | LK-CoMWRAF | ||
| 005 | 20230906223623.0 | ||
| 008 | 230906b1978 |||||||| |||| 00| 0 eng d | ||
| 040 |
_aLK-CoMWRAF _dLK-CoMWRAF _eLK-CoMWRAF |
||
| 041 | _aeng | ||
| 082 |
_a823 _bJAM |
||
| 100 | _aJames, Henry | ||
| 245 | _aThe Wings of the dove | ||
| 250 | _aA Norton critical edition | ||
| 260 |
_bw. w. norton & company Ltd, _c1978 |
||
| 650 | _aEnglish Fiction | ||
| 700 |
_aCrowley, J. Donald _eed. |
||
| 700 |
_aHocks, Richard A. _eed. |
||
| 942 | _cBK | ||
| 999 |
_c3443 _d3443 |
||